000 00709nam a2200253Ia 4500
003 OSt
005 20220912144908.0
006 a|||||r|||| 00| 0
007 ta
008 220909b |||||||| |||| 00| 0 eng d
024 _a73514
037 _cTextual
040 _aCSL
_beng
_cCSL
041 _aeng
082 _aB331, N1
100 _aSachdev P L
245 0 _aNonlinear ordinary differential equations and their applications
260 _aNew York
_bMarcel Dekker
_c1991
300 _a578p.
_ccm.
490 _aMonographs and textbooks in pure and applied mathematics; 142
650 _aMathematics
942 _hB331, N1
_cTEXL
_2CC
999 _c18473
_d18473